Una nueva métrica como ensayo para axiomatizar la economía (Record no. 67905)

MARC details
000 -LEADER
campo de control de longitud fija 00628nam a2200181 i 4500
001 - NÚMERO DE CONTROL
campo de control 67905
003 - IDENTIFICADOR DE NÚMERO DE CONTROL
campo de control ES-MaACL
005 - FECHA Y HORA DE LA ÚLTIMA TRANSACCIÓN
campo de control 20230906170152.0
007 - CAMPO FIJO DE DESCRIPCIÓN FÍSICA--INFORMACIÓN GENERAL
campo de control de longitud fija t|
008 - DATOS DE LONGITUD FIJA--INFORMACIÓN GENERAL
campo de control de longitud fija 040216s1954 sp ||||1| spa d
100 1# - ENTRADA PRINCIPAL--NOMBRE DE PERSONA
Nombre de persona Gallego Díaz, José.
9 (RLIN) 53559
245 14 - MENCIÓN DEL TÍTULO
Título Una nueva métrica como ensayo para axiomatizar la economía
Resto del título : conferencia pronunciada 25 noviembre 1953 /
Mención de responsabilidad, etc. por José Gallego Díaz.
260 ## - PUBLICACIÓN, DISTRIBUCIÓN, ETC.
Lugar de publicación, distribución, etc. [S.l. :
Nombre del editor, distribuidor, etc. s.n.,
Fecha de publicación, distribución, etc. 1954]
300 ## - DESCRIPCIÓN FÍSICA
Extensión 6 p. ;
Dimensiones 31 cm.
500 ## - NOTA GENERAL
Nota general Es separata de: "Theoria". Número extraordinario-Julio 1954.
852 ## - LOCALIZACIÓN
Ubicación ES-MaACL
Número de control de estantería 1965-F-4
Sublocalización o colección R.36310
852 ## - LOCALIZACIÓN
Ubicación ES-MaACL
Número de control de estantería 1965-F-5
Sublocalización o colección R.36751
Holdings
Estatus retirado Estado de pérdida Estado de daño No para préstamo Colección Biblioteca de origen Biblioteca actual Ubicación en estantería Fecha de adquisición Fuente de adquisición Total de préstamos Signatura topográfica completa Código de barras Visto por última vez Precio de reemplazo Tipo de ítem Koha
        Colección de folletos Biblioteca del Ateneo de Madrid Biblioteca del Ateneo de Madrid Depósito folletos 17/01/2008     1965-F-5 1071092 23/02/2023 23/02/2023 Folleto
        Colección de folletos Biblioteca del Ateneo de Madrid Biblioteca del Ateneo de Madrid Depósito folletos 17/01/2008     1965-F-4 1071091 23/02/2023 23/02/2023 Folleto